Answers Contain "Cock" - Statistics

General Stats
  • This quiz has been taken 242 times
  • The average score is 9 of 18
Answer Stats
Hint Answer % Correct
Any alcoholic mixed drink cocktail
92%
Area from which a pilot controls the aircraft cockpit
89%
Dog breed, with American and English varieties cocker spaniel
76%
English accent particularly spoken by working-class Londoners Cockney
75%
High-drag projectile used in badminton shuttlecock
74%
Onomatopoeia for a rooster cock-a-doodle-doo
61%
Any of the 21 parrot species belonging to the family Cacatuidae cockatoo
61%
Group of insects belonging to the order Blattodea cockroach
48%
Adjective that describes someone with strabismus, a vision disorder cockeyed
43%
Edible, marine bivalve mollusc cockle
42%
Younger male chicken cockerel
39%
Senseless talk; nonsense poppycock
39%
Medium-sized parrot also known as a weiro or quarrion cockatiel
33%
Fanciful, unlikely (as in, a story) {cock} {and} {bull}
29%
English singer: "You Are So Beautiful", the Wonder Years theme Joe Cocker
27%
English punk rock band of Singles Going Steady Buzzcocks
18%
Ludicrous; nonsensical {cockamamie}
16%
English nursery rhyme (Roud Folk Song Index #494) Cock Robin
14%
No matching quizzes found
Score Distribution
Percent of People with Each Score
Percentile by Number Answered
Your Score History
You have not taken this quiz